| 000 | 00691nam a2200193 a 4500 | ||
|---|---|---|---|
| 001 | 000039478 | ||
| 005 | 20201002031654.0 | ||
| 008 | 130702s1989 xxu 000 0 spa d | ||
| 020 | _a0911713042 | ||
| 040 |
_aDO-SdBNP _bspa _cBNPHU |
||
| 100 | 1 |
_aYudelman, Sally W. _965664 |
|
| 240 | 1 | 0 | _lespañol |
| 245 | 1 | 4 |
_aUna apertura a la esperanza : _bestudios de cinco organizaciones femeninas de desarrollo de América Latina y el Caribe / _cSally W. Yudelman ; traducción Stella M. Covre. |
| 250 | _a2a. ed. | ||
| 260 |
_aEstados Unidos : _bFundación Interamericana, _c1989. |
||
| 300 |
_a131 p. ; _c22 cm. |
||
| 504 | _aBibliografía : p. 123 -131 | ||
| 700 | 1 |
_aCovre, Stella M. _etr. _965665 |
|
| 999 |
_c38968 _d38968 |
||